[Event "30/move"]
[Site "?"]
[Date "2006.03.31"]
[Round "2"]
[White "Mephisto Modena"]
[Black "Mephisto Milano"]
[Result "0-1"]
[WhiteElo "1983"]
[BlackElo "2010"]
[PlyCount "82"]
[EventDate "2006.03.31"]
[EventType "tourn (rapid)"]
[EventRounds "20"]
[EventCountry "NED"]
[SourceDate "2006.03.12"]

1. c4 c6 2. d4 d5 3. Nc3 Nf6 4. e3 {Modena letzter Buchzug} g6 5. Nf3 Bg7 {
Milano letzter Buchzug} 6. cxd5 Nxd5 7. e4 ({RR} 7. h4 Bg4 8. Qb3 Nb6 9. h5
Bxh5 10. Ng5 e6 11. Nxe6 fxe6 12. Qxe6+ Qe7 13. Qxe7+ Kxe7 14. f3 N8d7 15. g4
Bxg4 16. fxg4 Rae8 17. Kd2 Kd8 18. Kd3 Nf6 19. g5 Ng4 20. Rh4 h5 21. gxh6 Nxh6
{Kurajica,B-Jussupow,A/Sarajevo 1984/MCD/1/2-1/2 (76)}) ({RR} 7. Bc4 O-O 8. O-O
Nb6 9. Bb3 N8d7 10. Ne4 Nd5 11. Bd2 e5 12. Nd6 Qe7 13. Nxc8 Rfxc8 14. e4 N5b6
15. Bg5 Bf6 16. Bxf6 Qxf6 17. Re1 c5 18. dxe5 Nxe5 19. Nxe5 Qxe5 20. Rb1 c4 21.
Bc2 Rd8 {Splosnov,S-Ostrowski,L/Trinec 2003/EXT 2004/0-1}) 7... Nxc3 8. bxc3
Bg4 $146 ({RR} 8... Nd7 9. Bc4 O-O 10. O-O e5 11. Ba3 Re8 12. Qb3 Qf6 13. Ng5
Qxg5 14. Bxf7+ Kh8 15. Bxe8 Nf6 16. Bc1 Qh4 17. Bf7 Nxe4 18. Be3 Ng5 19. Bxg5
Qxg5 20. Be6 Bxe6 21. Qxe6 exd4 22. cxd4 Bxd4 23. Rab1 {
Schlichtmann,G-Bachus,H/Aachen 1982/EXT 2000/1-0}) ({RR} 8... Qa5 9. Bd2 Bg4
10. Qb3 O-O 11. Qxb7 Nd7 12. Qxc6 a6 13. Qc4 Rfc8 14. Qd3 e5 15. Be2 f5 16. O-O
Nf6 17. Nxe5 Bxe2 18. Qxe2 Nxe4 19. f4 Nxc3 20. Qf3 Ra7 21. Rac1 Rac7 22. a4
Bf8 23. Bxc3 {Hassenrueck,H-Oepen,L/Germany 1988/EXT 97-B/1-0 (38)}) ({RR} 8...
O-O 9. Be3 Bg4 10. Be2 Qa5 11. Qb3 c5 12. O-O cxd4 13. cxd4 Nc6 14. Rad1 Rac8
15. Qxb7 Qxa2 16. Bb5 Bxf3 17. gxf3 Qe6 18. Kg2 Qd6 19. Rc1 Rc7 20. Qa6 Rfc8
21. Bxc6 Bxd4 22. Rfd1 e5 23. Bb7 {
Mueller,M-Bruchmann,S/Germany 1998/EXT 99/1-0 (45)}) 9. h3 Bc8 10. Bc4 b5 11.
Bb3 O-O 12. Bf4 a5 13. a4 Nd7 14. O-O Bb7 15. Re1 Nb6 16. Ne5 e6 17. Rb1 Qf6
18. Nd3 Rfc8 19. Be5 Qe7 20. Bxg7 Kxg7 21. Nc5 Rab8 22. e5 Kh8 23. axb5 cxb5
24. Qd3 Bc6 25. Ba2 Rd8 26. Qc2 Qg5 27. Ne4 Qf4 28. Nd6 Nc8 29. Nc4 Ra8 30. Na3
Na7 31. Rbd1 Qg5 32. g3 Qh5 33. Kh2 Bf3 34. Rd2 b4 35. cxb4 axb4 36. Nc4 Bg4
37. Nd6 Qxh3+ {# in 5} 38. Kg1 Bf3 39. Nxf7+ {Modena gibt auf} Kg7 40. Qxg6+
hxg6 41. d5 Qg2# {??:?? - 05:19} 0-1

[Event "30/move"]
[Site "?"]
[Date "2006.03.31"]
[Round "3"]
[White "Mephisto Milano"]
[Black "Mephisto Modena"]
[Result "1-0"]
[WhiteElo "2010"]
[BlackElo "1983"]
[PlyCount "109"]
[EventDate "2006.03.31"]
[EventType "tourn (rapid)"]
[EventRounds "20"]
[EventCountry "NED"]
[SourceDate "2006.03.12"]

1. e4 e6 2. d4 d5 3. exd5 exd5 4. Bd3 {Milano letzter Buchzug} Nc6 {
Modena letzter Buchzug} 5. c3 Nf6 6. Bf4 Be7 7. Nf3 ({RR} 7. h3 O-O 8. Nf3 Re8
9. O-O Bd6 10. Bxd6 Qxd6 11. Nbd2 Ne4 12. Re1 Bf5 13. Qc2 Qf4 14. c4 Nxd4 15.
Qd1 Nxd2 16. Rxe8+ Rxe8 17. Nxd4 Bxd3 18. Qa4 Rd8 19. cxd5 h6 20. Re1 Ne4 21.
Nf3 Rxd5 {Wolkow,M-Kloss,C/Dortmund 2003/CBM 95 ext/0-1}) 7... O-O 8. O-O Bg4
9. h3 $146 ({RR} 9. Nbd2 Nh5 ({RR} 9... Re8 10. Qb3 b6 11. Qc2 h6 12. h3 Be6
13. Rae1 Bd6 14. Ne5 Ne7 15. Bh2 c5 16. dxc5 bxc5 17. c4 Qc7 18. cxd5 Nexd5 19.
Bb5 {1/2-1/2 Neber,A-Bartok,I/Budapest 2000/EXT 2001}) ({RR} 9... Bd6 10. Bxd6
Qxd6 11. Qc2 h6 12. Rfe1 Rae8 13. h3 Bd7 14. Nf1 Re6 15. Bf5 Rxe1 16. Rxe1 Bxf5
17. Qxf5 Ne7 18. Qe5 Ng6 19. Qxd6 cxd6 20. Ng3 Re8 21. Rxe8+ Nxe8 22. Nf5 Kf8
23. Kf1 Ne7 24. N3h4 {Brady,L-Davis,R/Detroit 1990/EXT 2003/1-0 (53)}) 10. Bg3
Bg5 11. Qc2 Nxg3 12. fxg3 Be3+ 13. Kh1 g6 14. Rae1 Re8 15. Bb5 Bf5 16. Qd1 Bd7
17. Bxc6 Bxc6 18. Ne5 Bxd2 19. Qxd2 f5 20. Qh6 Qe7 21. h4 Qg7 22. Qf4 Bb5 23.
Rf3 Re7 {Le Tien Dung-Umarov,F/Rasht 1998/EXT 2003/1-0 (38)}) 9... Bh5 10. Nbd2
Bg6 11. Qc2 Bxd3 12. Qxd3 Nh5 13. Bh2 Nf6 14. Rae1 Qd7 15. Re3 Rfe8 16. Rfe1 a6
17. Ne5 Nxe5 18. dxe5 Nh5 19. g4 Bg5 20. gxh5 Bxe3 21. Rxe3 Re6 22. c4 Rd8 23.
Qxd5 Qxd5 24. cxd5 Rxd5 25. Ne4 Rb6 26. Rc3 Rxb2 27. Rxc7 h6 28. Kg2 a5 29. Nd6
Rdd2 30. Bg3 Rxa2 31. Rc8+ Kh7 32. Nxf7 g6 33. e6 Re2 34. Ne5 Rac2 35. Rb8 Rc7
36. Nxg6 Rc5 {Modena gibt auf} 37. Rxb7+ Kg8 38. Rb8+ Kh7 39. e7 a4 40. e8=Q
Rxe8 41. Rxe8 Rxh5 42. Nh4 a3 43. Ra8 Kg7 44. Kf3 a2 45. Ke4 Rb5 46. Nf5+ Kg6
47. Ra6+ Kh7 48. Rxa2 Rb4+ 49. Nd4 Rb7 50. Be5 Kg6 51. Ra6+ Kh5 52. Ne2 {# in 5
} Rg7 53. Bxg7 {# in 3} Kg5 54. f4+ Kh5 55. Rxh6# {23:30 - ??:??} 1-0

[Event "30/move"]
[Site "?"]
[Date "2006.03.31"]
[Round "4"]
[White "Mephisto Modena"]
[Black "Mephisto Milano"]
[Result "0-1"]
[WhiteElo "1983"]
[BlackElo "2010"]
[PlyCount "142"]
[EventDate "2006.03.31"]
[EventType "tourn (rapid)"]
[EventRounds "20"]
[EventCountry "NED"]
[SourceDate "2006.03.12"]

1. e4 e5 2. f4 exf4 3. Nf3 d6 4. Bc4 h6 {Milano letzter Buchzug} 5. O-O {
Modena letzter Buchzug} Be6 ({RR} 5... Nf6 6. Nc3 g5 7. g3 fxg3 8. hxg3 Bh3 9.
Re1 Nc6 10. d4 Qd7 11. Be3 Bg7 12. Qe2 O-O 13. Qh2 Bg4 14. Rf1 Bxf3 15. Rxf3
Ng4 16. Qh5 Nxe3 17. Rxe3 Nxd4 18. Rf1 c6 19. Ne2 d5 20. exd5 {
Roth,P-Oei,H/Caorle 1984/EXT 2002/0-1 (58)}) ({RR} 5... Nc6 6. d4 g5 7. g3 Bh3
8. Re1 Qd7 9. b4 fxg3 10. hxg3 O-O-O 11. a4 Bg7 12. c3 Bg4 13. Be3 Nf6 14. Nbd2
d5 15. b5 Na5 16. Bd3 dxe4 17. Nxe4 Nxe4 18. Bxe4 Rhe8 19. Bd3 Qd5 20. Kf2 {
Hennink,W-Vion,J/Vins du Medoc 2002/CBM 89 ext/1/2-1/2 (53)}) 6. Qe2 $146 ({RR
} 6. Bxe6 fxe6 7. Nd4 ({RR} 7. d4 g5 8. c4 Qd7 9. e5 Nc6 10. exd6 Qxd6 11. d5
exd5 12. cxd5 O-O-O 13. Nc3 Nce7 14. Kh1 Bg7 15. Nd4 Nxd5 16. Nf5 Qd7 17. Nxg7
Nxc3 18. Qxd7+ Rxd7 19. bxc3 Rxg7 20. c4 Rf7 21. Re1 Ne7 {
Grondsma,H-Van der Bruinhorst,G/Alkmaar 1982/EXT 99/0-1 (38)}) 7... Qf6 8. Nb5
Qf7 9. d4 g5 10. Qd3 a6 11. N5c3 Bg7 12. Rd1 Nc6 13. d5 exd5 14. Qxd5 Qxd5 15.
Nxd5 O-O-O 16. Nbc3 Nge7 17. Rb1 Nxd5 18. Nxd5 Rde8 19. Re1 Re6 20. Kf2 Rhe8 {
Strauch,L-Srdic,G/Maribor 2001/EXT 2003/0-1 (48)}) 6... Bxc4 7. Qxc4 Nd7 8. Qb5
Rb8 9. Nc3 c6 10. Qc4 Ne7 11. d4 b5 12. Qb4 Ng6 13. Qb3 Be7 14. a4 b4 15. Ne2
Nf6 16. Qd3 d5 17. e5 Ne4 18. Nxf4 Nxf4 19. Bxf4 O-O 20. e6 Rc8 21. exf7+ Rxf7
22. Ne5 Rf6 23. Be3 Qc7 24. Rxf6 Bxf6 25. Ng6 Re8 26. a5 Qf7 27. Ne5 Qb7 28.
Ng4 Bd8 29. a6 Qc8 30. Nf2 Bf6 31. Nxe4 Rxe4 32. Rd1 Qg4 33. h3 Qg3 34. Bf2
Qxd3 35. Rxd3 Re2 36. Rb3 Rxc2 37. Rxb4 Rc1+ 38. Kh2 Ra1 39. Rb8+ Kh7 40. Kg3
Rxa6 41. Rb7 Kg6 42. Kf3 Rb6 43. Rxa7 Rb3+ 44. Be3 Bxd4 45. Ra3 Rxe3+ 46. Rxe3
Bxe3 47. Kxe3 c5 48. Kf4 Kf6 49. h4 c4 50. g4 Ke6 51. g5 hxg5+ 52. hxg5 Kd6 53.
Kf5 Kc5 54. g6 Kd6 55. Kf4 Ke6 56. Ke3 Ke5 57. Kd2 d4 58. Kc2 Ke4 59. b3 d3+
60. Kc3 {Modena gibt auf} cxb3 61. Kxb3 Kf3 62. Kc3 Ke2 63. Kd4 d2 64. Ke5 d1=Q
65. Kf4 Qd6+ 66. Ke4 Qxg6+ 67. Kf4 Qf6+ 68. Kg4 Qe5 {# in 4} 69. Kh3 Kf3 70.
Kh4 Qg3+ 71. Kh5 Qg4# {??:?? - 30:53} 0-1

[Event "30/move"]
[Site "?"]
[Date "2006.03.31"]
[Round "5"]
[White "Mephisto Milano"]
[Black "Mephisto Modena"]
[Result "1-0"]
[WhiteElo "2010"]
[BlackElo "1983"]
[PlyCount "147"]
[EventDate "2006.03.31"]
[EventType "tourn (rapid)"]
[EventRounds "20"]
[EventCountry "NED"]
[SourceDate "2006.03.12"]

1. e4 e5 2. Nf3 Nc6 3. Bb5 a6 4. Ba4 Nf6 5. O-O Be7 6. Qe2 b5 7. Bb3 O-O 8. c3
d5 {Modena letzter Buchzug} 9. d3 {Milano letzter Buchzug} d4 10. cxd4 Nxd4 11.
Nxd4 exd4 12. e5 ({RR} 12. f4 Bb7 13. g4 c5 14. g5 Nxe4 15. dxe4 c4 16. Bd1 Bc5
17. Qg2 b4 18. Bf3 c3 19. Kh1 Rc8 20. e5 Bxf3 21. Qxf3 d3 22. bxc3 bxc3 23.
Nxc3 Bd4 24. Nd5 Bxa1 25. Ba3 Re8 26. Rxa1 d2 {
Mortensen,E-Holst,A/Copenhagen 1994/EXT 99/1-0 (51)}) ({RR} 12. h3 Be6 13. Bxe6
fxe6 14. f4 c5 15. a4 Qb6 16. Kh2 Rac8 17. axb5 axb5 18. Nd2 Rfd8 19. b3 Qb7
20. Ba3 Nd7 21. Qg4 Rc6 22. Rfc1 Nb6 23. Nf3 Nd7 24. Nd2 e5 25. f5 Nb6 26. Nf3
Qc7 {Kalvyte,V-Savic,M/Chalkidiki 2000/CBM 78 ext/0-1 (70)}) 12... Nd5 $146 ({
RR} 12... Ne8 13. Nd2 c5 14. f4 g6 15. Ne4 Be6 16. Bxe6 fxe6 17. Bd2 Ng7 18. g4
Qd5 19. Qg2 Rad8 20. a3 Rd7 21. Rf3 c4 22. Bb4 Ne8 23. Qd2 cxd3 24. Qxd3 Bxb4
25. axb4 Rdf7 26. Raf1 Qc4 27. Qd2 {
Simacek,P-Virostko,P/Plzen 1998/EXT 99/1/2-1/2 (49)}) 13. Qe4 Be6 14. f4 Nb4
15. Bxe6 fxe6 16. a3 Nc2 17. Ra2 Qd5 18. Qxd5 exd5 19. b4 Ne3 20. Rf3 a5 21.
bxa5 Rxa5 22. Re2 Ra4 23. Rb2 c6 24. Rbf2 Rf5 25. h3 Nd1 26. Rc2 c5 27. g4 Rf8
28. f5 c4 29. Kf1 Bc5 30. Ke2 Ne3 31. Bxe3 dxe3 32. Rxe3 Bxe3 33. Kxe3 cxd3 34.
Kxd3 h5 35. Rg2 hxg4 36. hxg4 Kf7 37. Rb2 Rb8 38. Rb4 Rxb4 39. axb4 Rh8 40. Nc3
Rh4 41. Nxb5 Rxg4 42. Nd6+ Ke7 43. b5 Kd7 44. Kc3 Kc7 45. Kc2 Rg3 46. Kd2 d4
47. b6+ Kxb6 48. e6 Rg2+ 49. Kd3 Kc5 50. e7 Rg3+ 51. Kd2 Rg2+ 52. Kd1 Kxd6 53.
e8=Q Rf2 54. Qe4 Kc5 55. Ke1 Rb2 56. Qe5+ Kc4 57. Qxg7 Rb1+ 58. Ke2 Rb2+ 59.
Kf3 Rb3+ 60. Ke4 Re3+ 61. Kf4 Re1 62. Qg2 Kd3 63. Qg3+ Ke2 {Modena gibt auf}
64. Ke4 Rf1 65. Qd3+ Ke1 66. Qxf1+ Kxf1 67. Kxd4 Ke2 68. f6 Kf3 69. f7 Kg4 70.
f8=Q Kg5 71. Ke4 Kg4 72. Qg7+ {# in 3} Kh4 73. Kf4 Kh3 74. Qg3# {34:06 - ??:??}
1-0

[Event "30/move"]
[Site "?"]
[Date "2006.03.31"]
[Round "6"]
[White "Mephisto Modena"]
[Black "Mephisto Milano"]
[Result "0-1"]
[WhiteElo "1983"]
[BlackElo "2010"]
[PlyCount "136"]
[EventDate "2006.03.31"]
[EventType "tourn (rapid)"]
[EventRounds "20"]
[EventCountry "NED"]
[SourceDate "2006.03.12"]

1. e4 c6 2. d4 d5 3. Nc3 dxe4 4. Nxe4 Bf5 5. Ng3 Bg6 6. Bc4 e6 7. N1e2 Nf6 8.
Nf4 Bd6 9. Bb3 {Modena letzter Buchzug} Qc7 {Milano letzter Buchzug} 10. Nxg6
$146 ({RR} 10. Qf3 Nd5 ({RR} 10... a5 11. c3 a4 12. Nxg6 hxg6 13. Bc2 Nbd7 14.
O-O O-O 15. Bg5 c5 16. dxc5 Qxc5 17. Rad1 Qxg5 18. Rxd6 Qb5 {
1/2-1/2 Tiviakov,S-Dautov,R/Germany 2002/EXT 2003}) ({RR} 10... Nbd7 11. h4 ({
RR} 11. O-O Nd5 12. Nxg6 hxg6 13. h3 N5f6 14. c3 a5 15. Re1 O-O 16. Ne4 Nxe4
17. Qxe4 Nf6 18. Qf3 a4 19. Bc2 c5 20. dxc5 Bxc5 21. a3 Rfd8 22. Bg5 Rd5 23. h4
Nh7 24. Bf4 Qb6 25. Rab1 Qa7 {
Tiviakov,S-Kasparov,S/Vlissingen 2002/CBM 89 ext/1/2-1/2 (44)}) 11... Bf5 12.
Nxf5 Qa5+ 13. c3 Qxf5 14. Qd3 Qxd3 15. Nxd3 O-O 16. g3 e5 17. dxe5 Nxe5 18.
Nxe5 Bxe5 19. O-O Rfe8 20. Kg2 Rad8 21. Be3 a6 22. Rad1 h6 23. Bb6 Rxd1 24.
Rxd1 Rc8 25. f4 {
Gomez Baillo,J-Recoulat,E/Buenos Aires 2003/EXT 2004/1/2-1/2 (72)}) 11. Nxg6
hxg6 12. Ne4 Be7 13. h3 Nd7 14. O-O O-O 15. c4 N5f6 16. Nc3 Rad8 17. Re1 Rfe8
18. Bf4 Bd6 19. Bg5 Be7 20. Rad1 a6 21. d5 Nc5 22. Bf4 Bd6 23. Bxd6 Rxd6 24.
Bc2 cxd5 {Van den Berg,C-Dunkelblum,A/Amsterdam 1962/MCL/1/2-1/2}) 10... hxg6
11. O-O c5 12. d5 Nxd5 13. Bxd5 exd5 14. Re1+ Kf8 15. Qxd5 Nc6 16. Be3 Nb4 17.
Qc4 b5 18. Qe2 a6 19. a4 bxa4 20. Red1 Qc6 21. Qc4 Be7 22. Ne4 Rh4 23. f4 Qb5
24. Qc3 Rh5 25. Ng5 Re8 26. Ra3 Qe2 27. Qd2 Qc4 28. Rc3 Qb5 29. Rf1 Rd8 30. Qf2
Nd5 31. Bxc5 Nxc3 32. Bxe7+ Kxe7 33. Qe3+ Ne4 34. Qxe4+ Kf8 35. Re1 Re8 36.
Qxe8+ Qxe8 37. Rxe8+ Kxe8 38. h3 Ke7 39. Kf2 Rh8 40. Ne4 Rc8 41. c4 Rxc4 42.
Ke3 {Modena gibt auf} Rc2 43. f5 gxf5 44. Ng3 Rxg2 45. Ne2 g5 46. Kd3 f4 47.
Nc3 Rg3+ 48. Kd4 Rxc3 49. Kxc3 f5 50. Kd3 Ke6 51. Ke2 Kd5 52. Kd3 Kc5 53. Kc3
f3 54. Kd2 Kc4 55. Ke3 Kb3 56. Kxf3 Kxb2 57. Kg3 Kc3 58. h4 f4+ 59. Kg4 gxh4
60. Kxh4 Kd4 61. Kg4 Ke3 62. Kh3 a3 63. Kh2 a2 64. Kh3 a1=Q {# in 5} 65. Kg4
Qf6 66. Kh5 Qg7 67. Kh4 Qg6 68. Kh3 Qg3# {??:?? - 31:16} 0-1

[Event "30/move"]
[Site "?"]
[Date "2006.03.31"]
[Round "7"]
[White "Mephisto Milano"]
[Black "Mephisto Modena"]
[Result "0-1"]
[WhiteElo "2010"]
[BlackElo "1983"]
[PlyCount "144"]
[EventDate "2006.03.31"]
[EventType "tourn (rapid)"]
[EventRounds "20"]
[EventCountry "NED"]
[SourceDate "2006.03.12"]

1. d4 Nf6 2. c4 e6 3. Nf3 d5 4. Bg5 Be7 5. e3 {Milano letzter Buchzug} dxc4 6.
Bxc4 c5 {Modena letzter Buchzug} 7. Nc3 cxd4 8. Nxd4 e5 9. Nf3 Nbd7 $146 ({RR} 
9... Qxd1+ 10. Rxd1 Bg4 11. Be2 h6 12. Bxf6 Bxf6 13. Nd5 Bxf3 14. Nc7+ Ke7 15.
Bxf3 Na6 16. Nxa8 e4 17. Bxe4 Nc5 18. Bf3 Rxa8 19. O-O Rb8 20. Rd2 b6 21. Rfd1
a5 22. Bc6 Rc8 23. Bb5 Be5 24. f4 {
Abdulrazaq,S-Diop,Y/Luzern 1982/EXT 97-B/1/2-1/2 (47)}) 10. O-O O-O 11. Qc2 Nb6
12. Nxe5 Nxc4 13. Nxc4 Bg4 14. Ne5 Bh5 15. Rac1 Rc8 16. Qf5 Rc5 17. b4 Bg6 18.
Qf4 Rc8 19. Rcd1 Qe8 20. Nxg6 fxg6 21. Qd4 Qf7 22. Rc1 Rfd8 23. Qxa7 Bxb4 24.
Ne2 Ra8 25. Qb6 Ba5 26. Qb2 Rd2 27. Rc2 Ne4 28. Bf4 Rad8 29. f3 Nc5 30. Nd4 Nd3
31. Qa3 Bb4 32. Qxb4 Rxc2 33. Qb6 Rcc8 34. Bd6 Nb2 35. Bf4 Nc4 36. Qe6 Qxe6 37.
Nxe6 Re8 38. Nc7 g5 39. Nxe8 gxf4 40. Nxg7 Nxe3 41. Ne6 Nxf1 42. Kxf1 Rc1+ 43.
Ke2 Rc2+ 44. Kf1 Rxa2 45. Nxf4 b5 46. Nd5 Kf7 47. Nb4 Rd2 48. Na6 Kf6 49. Kg1
Kf5 50. h3 Kf4 51. Kh2 Ke3 52. Kg3 Kd4 53. Nc7 b4 54. Ne6+ Kc4 55. Ng5 b3 56.
Ne4 {Milano gibt auf} Rd4 57. Ng5 b2 58. Ne6 Rd6 59. Nf4 b1=Q 60. h4 Rf6 61.
Nh3 Rg6+ 62. Kh2 Qb2 63. Nf4 Rg7 64. h5 Qd2 65. Ng6 hxg6 66. h6 Rb7 67. Kg3
Qxh6 68. f4 {# in -5} Rb3+ 69. Kf2 Qxf4+ 70. Ke1 Qe3+ 71. Kd1 Rb1+ 72. Kc2 Qd3#
{34:09 - ??:??} 0-1

[Event "30/move"]
[Site "?"]
[Date "2006.03.31"]
[Round "8"]
[White "Mephisto Modena"]
[Black "Mephisto Milano"]
[Result "0-1"]
[WhiteElo "1983"]
[BlackElo "2010"]
[PlyCount "60"]
[EventDate "2006.03.31"]
[EventType "tourn (rapid)"]
[EventRounds "20"]
[EventCountry "NED"]
[SourceDate "2006.03.12"]

1. c4 c6 2. Nf3 d5 3. d4 Nf6 4. Nc3 dxc4 5. a4 Bf5 6. Ne5 e6 7. f3 {
Modena letzter Buchzug} c5 {Milano letzter Buchzug} 8. e3 $146 ({RR} 8. dxc5
Qxd1+ 9. Kxd1 ({RR} 9. Nxd1 Nbd7 10. Nxd7 Nxd7 11. e4 Bg6 12. c6 bxc6 13. Bxc4
Bb4+ 14. Bd2 Rb8 15. a5 Nc5 16. Ke2 O-O 17. Bf4 Rbd8 18. Be3 Nb7 19. a6 Na5 20.
Rc1 c5 21. Nf2 Rd6 22. Nd3 Nxc4 23. Rxc4 Rxa6 {
Berczes,D-Hajnal,Z/Budapest 2003/CBM 94 ext/1-0 (59)}) 9... Bxc5 10. e4 Bg6 11.
Bxc4 ({RR} 11. Nb5 Na6 {1/2-1/2 Podgaets,M-Ninov,K/Athens 1988/EXT 2001}) 11...
Nc6 12. Nxc6 bxc6 13. Bf4 Nh5 14. Bd2 Rb8 15. Kc2 e5 16. Rhe1 Nf4 17. Bxf4 exf4
18. Rad1 Ke7 19. Ne2 Bf2 20. Nd4 Rbc8 21. Rf1 Bxd4 22. Rxd4 Rhd8 {
Alekhine,A-Bogoljubow,E/GER/NLD 1929/MainBase/1/2-1/2 (70)}) ({RR} 8. e4 Bg6 9.
Be3 cxd4 10. Qxd4 ({RR} 10. Bxd4 Bb4 11. Bxc4 O-O 12. O-O Nbd7 13. Nxg6 hxg6
14. e5 Bxc3 15. Bxc3 Ne8 16. a5 Qc7 17. Qe2 Qc5+ 18. Kh1 Nc7 19. Rfd1 Rfd8 20.
Rd4 b5 21. Bb3 Nf8 22. Rh4 Nd5 23. Bd4 Qb4 24. Qd3 Rac8 {
Kiviaho,A-Nokso Koivisto,A/Finland 1990/EXT 97/0-1 (31)}) 10... Qxd4 11. Bxd4
Nc6 12. Nxc6 bxc6 13. a5 Nd7 14. Bxc4 e5 15. Be3 Bb4 16. Ke2 Ke7 17. Rhc1 Rhb8
18. Nd1 f6 19. Nf2 Bc5 20. Nd3 Bxe3 21. Kxe3 Be8 22. b4 Nf8 {
Huebner,R-Pelletier,Y/Germany 1998/GER-chT/1-0 (37)}) 8... cxd4 9. exd4 Nfd7
10. Nxc4 Bb4 11. Bf4 Nc6 12. g4 Bg6 13. Nd6+ Bxd6 14. Bxd6 e5 15. dxe5 Qh4+ 16.
Ke2 Ndxe5 17. Bxe5 Nxe5 18. Qd4 O-O 19. Ne4 Rfe8 20. Bg2 Bxe4 21. fxe4 Nxg4 22.
h3 Red8 23. Qg1 Qf6 24. Rb1 Qa6+ 25. Kf3 Rd3+ 26. Kxg4 Qg6+ {# in 5} 27. Kf4
Qg3+ 28. Kf5 g6+ 29. Kf6 Qf4+ 30. Ke7 Qh4# {??:?? - 11:56} 0-1

[Event "30/move"]
[Site "?"]
[Date "2006.03.31"]
[Round "9"]
[White "Mephisto Milano"]
[Black "Mephisto Modena"]
[Result "1-0"]
[WhiteElo "2010"]
[BlackElo "1983"]
[PlyCount "117"]
[EventDate "2006.03.31"]
[EventType "tourn (rapid)"]
[EventRounds "20"]
[EventCountry "NED"]
[SourceDate "2006.03.12"]

1. e4 e5 2. Nf3 Nc6 3. Bb5 a6 4. Ba4 d6 5. c3 Bd7 6. d4 {Milano letzter Buchzug
} g6 {Modena letzter Buchzug} 7. d5 Nce7 ({RR} 7... Nb8 8. c4 Bg7 9. Nc3 Ne7
10. h4 h5 11. Be3 O-O 12. Nd2 Bxa4 13. Nxa4 b5 14. Nc3 c6 15. Bg5 f6 16. Be3 b4
17. Na4 c5 18. b3 Nd7 19. Nb2 a5 20. a4 f5 21. Bg5 Nf6 22. f3 {
Mortensen,E-Jussupow,A/Copenhagen 2003/CBM 95 ext/1/2-1/2}) 8. Bg5 $146 ({RR} 
8. c4 Bg7 ({RR} 8... Nf6 9. Nc3 Bg7 10. Bg5 ({RR} 10. Bxd7+ Qxd7 11. c5 O-O 12.
O-O Nh5 13. Be3 h6 14. Nd2 f5 15. f3 f4 16. Bf2 g5 17. Nc4 Nc8 18. cxd6 cxd6
19. Na4 Qf7 20. Nab6 Nxb6 21. Nxb6 Rae8 22. Rc1 Nf6 23. Kh1 h5 24. Qd3 g4 {
Luther,T-Riedel,F/Bad Zwesten 1998/EXT 2000/1-0 (49)}) 10... O-O 11. O-O h6 12.
Bxf6 Bxf6 13. Bxd7 Qxd7 14. b4 Bg7 15. c5 f5 16. Qb3 Rf7 17. Rfd1 Raf8 18. Rac1
Kh8 19. Nd2 h5 20. b5 Bh6 21. bxa6 bxa6 22. Rb1 fxe4 23. Ncxe4 {
Brodsky,M-Buturin,V/Koszalin 1998/CBM 65 ext/1-0 (38)}) 9. Nc3 h6 10. O-O f5
11. exf5 gxf5 12. Ne1 Nf6 13. f4 e4 14. Nc2 Bxa4 15. Nxa4 c5 16. dxc6 bxc6 17.
Nd4 Kf7 18. h3 c5 19. Nc2 Qc7 20. Ne3 h5 21. Nc3 Qc6 22. Qc2 Rh6 {
Krakops,M-Zoler,D/Werfen 1995/EXT 97/1/2-1/2 (56)}) 8... f6 9. Be3 f5 10. exf5
Nxf5 11. Bg5 Be7 12. Bxd7+ Qxd7 13. O-O h6 14. Bd2 Qb5 15. Qb3 Qxb3 16. axb3
Nf6 17. c4 Ne4 18. b4 Nxd2 19. Nbxd2 O-O 20. Ne4 Ng7 21. Rfe1 Nf5 22. h3 Rae8
23. Kf1 Nh4 24. Nxh4 Bxh4 25. g3 Be7 26. Ke2 Rf5 27. Kd3 Ref8 28. h4 Kh7 29. c5
Rf3+ 30. Re3 R3f7 31. Kc4 g5 32. hxg5 Bxg5 33. Rc3 Rxf2 34. Nxf2 Rxf2 35. Kb3
dxc5 36. bxc5 Bd2 37. Rc4 Rg2 38. Rg4 Bf4 39. gxf4 Rxg4 40. fxe5 Re4 41. e6 c6
42. d6 Re3+ 43. Ka2 Re4 44. e7 Ra4+ 45. Kb1 Re4 46. d7 Rxe7 47. d8=Q Rg7 48.
Ra4 Rg1+ 49. Ka2 Rg3 50. Qd7+ Rg7 {Modena gibt auf} 51. Qc8 a5 52. Rd4 Rf7 53.
Qe8 Rg7 54. Rd8 {# in 6} Rg4 55. Qf7+ Rg7 56. Qf5+ Rg6 57. Rd7+ Kg8 58. Qxg6+
Kh8 59. Qg7# {??:?? - 24:47} 1-0

[Event "30/move"]
[Site "?"]
[Date "2006.03.31"]
[Round "10"]
[White "Mephisto Modena"]
[Black "Mephisto Milano"]
[Result "1/2-1/2"]
[WhiteElo "1983"]
[BlackElo "2010"]
[PlyCount "146"]
[EventDate "2006.03.31"]
[EventType "tourn (rapid)"]
[EventRounds "20"]
[EventCountry "NED"]
[SourceDate "2006.03.12"]

1. c4 c6 2. d4 d5 3. Nc3 Nf6 4. e3 {Modena letzter Buchzug} g6 5. Nf3 Bg7 {
Milano letzter Buchzug} 6. cxd5 cxd5 7. Be2 ({RR} 7. Bd3 Nc6 8. a3 O-O 9. O-O
a5 10. Bd2 Bg4 11. h3 Bxf3 12. Qxf3 e5 13. dxe5 Nxe5 14. Qe2 Nxd3 15. Qxd3 Qe7
16. Ne2 Ne4 17. Rab1 Rfd8 18. Nd4 Be5 19. Bc3 Bb8 20. Rfc1 Qd6 21. Nf3 f6 {
Garcia Bielsa,C-Fernandez Losada,D/Mondariz 2003/EXT 2004/0-1}) 7... O-O 8. O-O
Nc6 9. Ne5 ({RR} 9. b3 Bf5 10. Bb2 Rc8 11. Ne1 Ne4 12. Na4 h5 13. Nd3 b6 14.
Rc1 Qd6 15. Nc3 Nxc3 16. Bxc3 a5 17. Qd2 Rc7 18. Nb2 Rfc8 19. Na4 Nb8 20. Bd3
Bxd3 21. Qxd3 Nd7 {1/2-1/2 Krush,I-Ioseliani,N/Hyderabad 2002/CBM 90 ext}) 9...
Nxe5 $146 ({RR} 9... e6 10. Nxc6 bxc6 11. Qc2 a5 12. b3 Ba6 13. Bxa6 Rxa6 14.
Na4 Re8 15. Ba3 e5 16. dxe5 Ng4 17. Qe2 Qc8 18. Rac1 Nxe5 19. Rfd1 Qa8 20. Bb2
Ra7 {1/2-1/2 Lorscheid,G-Hasangatin,R/Pardubice 1999/EXT 2000}) 10. dxe5 Ne4
11. Nxd5 Bxe5 12. f3 Nf6 13. Nxf6+ Bxf6 14. Qb3 Qc7 15. Bc4 Bd7 16. Bd2 Rad8
17. Bc3 b5 18. Bd3 Bxc3 19. bxc3 Qc5 20. Rfe1 e5 21. Qb4 Rc8 22. Rac1 f5 23. a3
a6 24. c4 Kg7 25. Qb2 Rfd8 26. f4 Qd6 27. Red1 Qc5 28. Qxe5+ Qxe5 29. fxe5 Be6
30. c5 Bc4 31. Bxc4 Rxd1+ 32. Rxd1 bxc4 33. Rd7+ Kh6 34. g4 fxg4 35. e6 c3 36.
Rd3 Rxc5 37. Rd1 Kg7 38. Rd7+ Kf6 39. e7 Kf7 40. Rd1 Ra5 41. Rd7 Rxa3 42. Rc7
a5 43. e4 Ra1+ 44. Kg2 h5 45. Rxc3 Kxe7 46. Rc6 a4 47. Rxg6 Re1 48. Rg5 Re2+
49. Kg3 Re3+ 50. Kf4 Rf3+ 51. Ke5 Rh3 52. Rg7+ Kf8 53. Ra7 Rxh2 54. Rxa4 Rf2
55. Ra8+ Kf7 56. Rh8 Rh2 57. Kf4 Kg7 58. Rd8 Kf6 59. e5+ Ke6 60. Rd6+ Ke7 61.
Rg6 Rh1 62. Ke4 Re1+ 63. Kf5 Rf1+ 64. Ke4 Rg1 65. Kf4 Kf7 66. Rg5 Rh1 67. Kf5
Rh3 68. e6+ Ke8 69. Kf6 Rf3+ 70. Ke5 Re3+ 71. Kf6 Rf3+ 72. Ke5 Ra3 73. Kf6 Rf3+
{Remis wg. 3-facher Stellungswiederholung (wird von Modena nicht erkannt); ??:
?? - 34:04} 1/2-1/2